[Event "España ch 2008 sub 18"]
[Site "Padrón ESP"]
[Date "2008.07.27"]
[Round "2.29"]
[White "Galan Martin, Pedro Juan"]
[Black "Riera Morilla, Elizabeth"]
[Result "1/2-1/2"]
[WhiteElo "2114"]
[BlackElo "1915"]
[PlyCount "81"]
[EventDate "2008.07.27"]
[EventType "swiss"]
[EventRounds "9"]
[EventCountry "ESP"]
[Source "lmi"]
[SourceDate "2008.07.27"]

1. e4 c5 2. Nf3 g6 3. d4 cxd4 4. Nxd4 Bg7 5. Nc3 Nc6 6. Be3 Nf6 7. Bc4 O-O 8.
Bb3 d6 9. f3 Bd7 10. Qd2 Rc8 11. O-O-O Na5 12. h4 h5 13. Bh6 b5 14. Bxg7 Kxg7
15. Nd5 Nxb3+ 16. Nxb3 Nxd5 17. exd5 Qc7 18. Kb1 e5 19. dxe6 Bxe6 20. Nd4 Qc4
21. Nxe6+ fxe6 22. Rhe1 Rf6 23. Re4 Qc5 24. c3 d5 25. Re5 a5 26. Rde1 Rc6 27.
Qe3 Qxe3 28. R1xe3 Kf7 29. g3 Rf5 30. f4 Ke7 31. Kc2 Rxe5 32. Rxe5 b4 33. Kd3
bxc3 34. bxc3 Rc4 35. Re2 Kf6 36. Rb2 Ra4 37. Re2 Ke7 38. Rb2 Kf6 39. Re2 Ke7
40. Rb2 Kf6 41. Re2 1/2-1/2

[Event "España ch 2008 sub 18"]
[Site "Padrón ESP"]
[Date "2008.07.27"]
[Round "2.30"]
[White "Escobar Figueroa, Sandra"]
[Black "Guadamuro Torrente, Anabel"]
[Result "1/2-1/2"]
[WhiteElo "1794"]
[BlackElo "2105"]
[PlyCount "84"]
[EventDate "2008.07.27"]
[EventType "swiss"]
[EventRounds "9"]
[EventCountry "ESP"]
[Source "lmi"]
[SourceDate "2008.07.27"]

1. e4 e5 2. Nf3 Nc6 3. Bc4 Bc5 4. c3 Nf6 5. d3 O-O 6. O-O d6 7. Nbd2 Kh8 8. Bb3
Ng8 9. Re1 f5 10. exf5 Bxf5 11. Ne4 Bb6 12. h3 Na5 13. Bc2 Qd7 14. Ng3 Bg6 15.
Be3 Bxe3 16. Rxe3 Nh6 17. b4 Nc6 18. Bb3 Rf4 19. Bd5 Raf8 20. Qd2 Ne7 21. Be4
Nhf5 22. Bxf5 Nxf5 23. Ne2 Nxe3 24. Nxf4 exf4 25. fxe3 Bh5 26. Ng5 h6 27. Ne4
f3 28. Rf1 Re8 29. Ng3 fxg2 30. Qxg2 Bg6 31. e4 Qb5 32. Rf3 Qe5 33. Ne2 Bh7 34.
Rf7 c5 35. Rxb7 c4 36. d4 Qf6 37. Rxa7 Bxe4 38. Qf2 Qg5+ 39. Qg3 Qf6 40. Qf2
Qg5+ 41. Qg3 Qf6 42. Qf2 Qg5+ 1/2-1/2

[Event "España ch 2008 sub 18"]
[Site "Padrón ESP"]
[Date "2008.07.27"]
[Round "2.31"]
[White "Villanueva Arguinberri, Bruno"]
[Black "Ortega Sanchez, Ainhoa"]
[Result "1-0"]
[WhiteElo "1981"]
[BlackElo "1794"]
[PlyCount "37"]
[EventDate "2008.07.27"]
[EventType "swiss"]
[EventRounds "9"]
[EventCountry "ESP"]
[Source "lmi"]
[SourceDate "2008.07.27"]

1. d4 d5 2. c4 c6 3. Nc3 Nf6 4. Bg5 e6 5. cxd5 exd5 6. Qc2 Nbd7 7. e3 h6 8. Bh4
Bd6 9. f4 Qa5 10. Bd3 O-O 11. Nf3 Re8 12. Ne5 Bb4 13. O-O Nxe5 14. fxe5 Nd7 15.
Bh7+ Kh8 16. Rxf7 Bf8 17. Raf1 Qb4 18. a3 Qb6 19. e6 1-0

[Event "España ch 2008 sub 18"]
[Site "Padrón ESP"]
[Date "2008.07.27"]
[Round "2.32"]
[White "Marin Benito, Carla"]
[Black "Olmo Vega, Diego"]
[Result "0-1"]
[WhiteElo "1785"]
[BlackElo "1978"]
[PlyCount "109"]
[EventDate "2008.07.27"]
[EventType "swiss"]
[EventRounds "9"]
[EventCountry "ESP"]
[Source "lmi"]
[SourceDate "2008.07.27"]

1. e4 c5 2. Nc3 e6 3. g3 d5 4. d3 Nf6 5. Bg2 Be7 6. Nge2 O-O 7. O-O Nc6 8. h3
d4 9. Nb1 b6 10. f4 Bb7 11. g4 Qc7 12. Kh1 Rfd8 13. Rg1 b5 14. Nd2 Nd7 15. Qf1
Nb4 16. Qd1 Nb6 17. Nf3 Rac8 18. Bd2 Nc6 19. Be1 c4 20. Bf2 Bc5 21. f5 e5 22.
g5 f6 23. Bh4 Be7 24. Qd2 Kh8 25. gxf6 gxf6 26. Qh6 Nd7 27. Ng3 Rg8 28. Nh5 Qd8
29. Nh2 Qf8 30. Qd2 cxd3 31. Bf3 Rxg1+ 32. Rxg1 dxc2 33. Qxc2 Nb4 34. Qb3 Rc4
35. Be2 Bxe4+ 36. Bf3 Bxf5 37. a3 Nc5 38. Qd1 Nbd3 39. Qd2 Bg6 40. Bd5 Bxh5 41.
Rg8+ Qxg8 42. Bxg8 Rc1+ 43. Kg2 Kxg8 44. b4 Ne1+ 45. Bxe1 Rd1 46. Qa2+ Bf7 47.
Qf2 Bd5+ 48. Kf1 Nd3 49. Qg3+ Kh8 50. Nf3 Bxf3 51. Qxf3 Rxe1+ 52. Kg2 Nf4+ 53.
Kf2 Re2+ 54. Kg1 d3 55. Qf1 0-1

[Event "España ch 2008 sub 18"]
[Site "Padrón ESP"]
[Date "2008.07.27"]
[Round "2.33"]
[White "Jimenez Capilla, Martin R"]
[Black "Cuetos Lolo, Nekane"]
[Result "0-1"]
[WhiteElo "1977"]
[BlackElo "1790"]
[PlyCount "42"]
[EventDate "2008.07.27"]
[EventType "swiss"]
[EventRounds "9"]
[EventCountry "ESP"]
[Source "lmi"]
[SourceDate "2008.07.27"]

1. e4 e5 2. Nf3 Nc6 3. Bb5 Qe7 4. O-O Nd8 5. d4 c6 6. Bc4 d6 7. Bg5 Nf6 8. Nc3
g6 9. dxe5 dxe5 10. Nb5 cxb5 11. Bxb5+ Nc6 12. Bxf6 Qxf6 13. Qd5 Bg7 14. Nxe5
O-O 15. Nxc6 bxc6 16. Bxc6 Rb8 17. b3 Qc3 18. Ba4 Be6 19. Qd6 Qxc2 20. e5 Rfd8
21. Qe7 Bxe5 0-1

[Event "España ch 2008 sub 18"]
[Site "Padrón ESP"]
[Date "2008.07.27"]
[Round "2.35"]
[White "Alshameary Puente, Ismael"]
[Black "Carnero Rodriguez, Sergio"]
[Result "1-0"]
[WhiteElo "1951"]
[BlackElo "1765"]
[PlyCount "67"]
[EventDate "2008.07.27"]
[EventType "swiss"]
[EventRounds "9"]
[EventCountry "ESP"]
[Source "lmi"]
[SourceDate "2008.07.27"]

1. e4 g6 2. d4 Bg7 3. Be3 d6 4. Nc3 Nd7 5. Qd2 c6 6. f3 b6 7. g4 h5 8. gxh5
Rxh5 9. Be2 Rh7 10. f4 e6 11. Nf3 Ne7 12. h4 d5 13. Ng5 Rh8 14. Bg4 Nf6 15. Bh3
Bd7 16. O-O-O Qc7 17. f5 exf5 18. Bf4 Qc8 19. exd5 cxd5 20. Rde1 Ne4 21. Ngxe4
fxe4 22. Nb5 Kf8 23. Nd6 Qd8 24. h5 Bxh3 25. Rxh3 g5 26. h6 Rxh6 27. Rxh6 Bxh6
28. Qh2 Kg7 29. Be5+ Kh7 30. Rh1 Qf8 31. Nxf7 Nf5 32. Qh5 Rc8 33. Nxg5+ Kg8 34.
Qg6+ 1-0

[Event "España ch 2008 sub 18"]
[Site "Padrón ESP"]
[Date "2008.07.27"]
[Round "2.36"]
[White "Jimenez Serna, Alvaro"]
[Black "Charro Calvo, Jesus"]
[Result "1-0"]
[WhiteElo "1947"]
[BlackElo "1757"]
[PlyCount "73"]
[EventDate "2008.07.27"]
[EventType "swiss"]
[EventRounds "9"]
[EventCountry "ESP"]
[Source "lmi"]
[SourceDate "2008.07.27"]

1. e4 e5 2. Nf3 Nc6 3. d4 exd4 4. Bc4 Bc5 5. c3 Qe7 6. O-O dxc3 7. Nxc3 d6 8.
Nd5 Qd8 9. b4 Bb6 10. Bb2 f6 11. Ng5 Ne5 12. Bxe5 fxe5 13. Nxb6 axb6 14. Nf7
Qe7 15. Nxh8 Nh6 16. Qh5+ Kf8 17. f4 Be6 18. fxe5+ Kg8 19. Bxe6+ Qxe6 20. exd6
cxd6 21. Qd5 Qxd5 22. exd5 Kxh8 23. Rac1 Ng4 24. Rf7 h6 25. h3 Ne3 26. Rcc7
Nxd5 27. Rxb7 Nxb4 28. Rxg7 Nxa2 29. Rh7+ Kg8 30. Rxh6 Rd8 31. Rxb6 d5 32. Rbd6
Rxd6 33. Rxd6 Nc3 34. Rd8+ Kf7 35. Kf2 Ke7 36. Rc8 d4 37. Rxc3 1-0

[Event "España ch 2008 sub 18"]
[Site "Padrón ESP"]
[Date "2008.07.27"]
[Round "2.38"]
[White "Perez Munoz, Jorge"]
[Black "Galan Martin, Alejandro"]
[Result "0-1"]
[WhiteElo "1725"]
[BlackElo "1925"]
[PlyCount "84"]
[EventDate "2008.07.27"]
[EventType "swiss"]
[EventRounds "9"]
[EventCountry "ESP"]
[Source "lmi"]
[SourceDate "2008.07.27"]

1. e4 e6 2. d4 d5 3. Nc3 Bb4 4. Nge2 Ne7 5. Bd2 Bxc3 6. Nxc3 dxe4 7. Bf4 Ng6 8.
Bg3 f5 9. h3 f4 10. Bh2 e3 11. fxe3 Qh4+ 12. Kd2 fxe3+ 13. Kc1 c6 14. Qf3 Qxd4
15. Bd3 Qf6 16. Qxe3 O-O 17. Bd6 Re8 18. Ne4 Qd8 19. Bxb8 Rxb8 20. Qxa7 Qc7 21.
Rf1 Nf4 22. Nc5 Nxd3+ 23. cxd3 Bd7 24. Na6 Qa5 25. Qd4 bxa6 26. Qxd7 Qg5+ 27.
Kd1 Qxg2 28. Qf7+ Kh8 29. Rc1 Rbd8 30. Qf3 Qxb2 31. Rxc6 Qb1+ 32. Kd2 Qxa2+ 33.
Ke3 Qa3 34. Ke4 Qb4+ 35. Ke3 Qd4+ 36. Ke2 Rb8 37. Rxa6 Rec8 38. Rc6 Qb2+ 39.
Kd1 Qa1+ 40. Ke2 Qa2+ 41. Ke3 Qa7+ 42. Ke4 Qb7 0-1

[Event "España ch 2008 sub 18"]
[Site "Padrón ESP"]
[Date "2008.07.27"]
[Round "2.39"]
[White "Cubillo Munoz, Miguel"]
[Black "Mougan Gonzalez, Santiago"]
[Result "1/2-1/2"]
[WhiteElo "1923"]
[BlackElo "1730"]
[PlyCount "67"]
[EventDate "2008.07.27"]
[EventType "swiss"]
[EventRounds "9"]
[EventCountry "ESP"]
[Source "lmi"]
[SourceDate "2008.07.27"]

1. c4 Nf6 2. Nc3 c5 3. g3 e6 4. Bg2 d6 5. e3 Be7 6. Nge2 Nc6 7. O-O a6 8. d4
cxd4 9. exd4 O-O 10. a3 d5 11. cxd5 Nxd5 12. Nxd5 exd5 13. Nf4 Bf6 14. Be3 Be6
15. Qd3 Bg5 16. Nh3 Bf6 17. f4 Bxh3 18. Bxh3 Qb6 19. Rfd1 Rad8 20. Bf2 Rfe8 21.
Bg2 Re7 22. g4 g6 23. h4 Qxb2 24. Bf3 Bxd4 25. Bxd4 Nxd4 26. Rab1 Nxf3+ 27.
Qxf3 Qe2 28. Qxe2 Rxe2 29. Rxb7 Re4 30. Rf1 Re3 31. f5 Rg3+ 32. Kh2 Rxg4 33.
fxg6 fxg6 34. Kh3 1/2-1/2

[Event "España ch 2008 sub 18"]
[Site "Padrón ESP"]
[Date "2008.07.27"]
[Round "2.40"]
[White "Balbas Calvo, Alexandra"]
[Black "Zapata Lopez, Julio"]
[Result "0-1"]
[WhiteElo "1680"]
[BlackElo "1921"]
[PlyCount "64"]
[EventDate "2008.07.27"]
[EventType "swiss"]
[EventRounds "9"]
[EventCountry "ESP"]
[Source "lmi"]
[SourceDate "2008.07.27"]

1. e4 c5 2. Nf3 d6 3. d4 cxd4 4. Nxd4 Nf6 5. Nc3 a6 6. Be2 e5 7. Nf3 Be7 8. O-O
O-O 9. Nd5 Nxe4 10. Nxe7+ Qxe7 11. Be3 Be6 12. Qd3 f5 13. Nd2 Nxd2 14. Bxd2 d5
15. f3 Nc6 16. a3 Rac8 17. c3 Rfd8 18. Be3 g5 19. g4 e4 20. Qd2 f4 21. Bb6 Rd7
22. b4 Qf6 23. b5 axb5 24. Bxb5 exf3 25. h3 h5 26. Bxc6 bxc6 27. gxh5 Bxh3 28.
Rf2 g4 29. Re1 g3 30. Rxf3 Bg4 31. Rd3 f3 32. Ree3 f2+ 0-1

[Event "España ch 2008 sub 18"]
[Site "Padrón ESP"]
[Date "2008.07.27"]
[Round "2.41"]
[White "Ladron De Guevara Pinto, Paolo"]
[Black "Pelegri Florit, Alex"]
[Result "1-0"]
[WhiteElo "1915"]
[BlackElo "1704"]
[PlyCount "57"]
[EventDate "2008.07.27"]
[EventType "swiss"]
[EventRounds "9"]
[EventCountry "ESP"]
[Source "lmi"]
[SourceDate "2008.07.27"]

1. e4 e6 2. Nf3 d5 3. Nc3 Nf6 4. e5 Nfd7 5. d4 c5 6. dxc5 Nc6 7. Bf4 Bxc5 8.
Bd3 f6 9. exf6 Nxf6 10. O-O O-O 11. Qe2 Bd7 12. Ne5 Nxe5 13. Bxe5 a6 14. a4 Qe7
15. Kh1 Rae8 16. f4 d4 17. Ne4 Nd5 18. Ng5 g6 19. Rf3 Nxf4 20. Bxf4 Rxf4 21.
Rxf4 Qxg5 22. Rf3 e5 23. Rg3 Qh4 24. Bxg6 hxg6 25. Qc4+ Kg7 26. Qxc5 Bc6 27.
Rf1 Qh5 28. Qd6 Kh7 29. Kg1 1-0

[Event "España ch 2008 sub 18"]
[Site "Padrón ESP"]
[Date "2008.07.27"]
[Round "2.43"]
[White "Ruiz De La Torre Perez, Cristina"]
[Black "Elexpe Bastida, Oscar"]
[Result "1-0"]
[WhiteElo "1908"]
[BlackElo "1676"]
[PlyCount "109"]
[EventDate "2008.07.27"]
[EventType "swiss"]
[EventRounds "9"]
[EventCountry "ESP"]
[Source "lmi"]
[SourceDate "2008.07.27"]

1. d4 Nf6 2. c4 d6 3. Nc3 Nbd7 4. Nf3 e5 5. e4 Be7 6. g3 O-O 7. Bg2 c6 8. O-O
Qc7 9. Qc2 a6 10. a4 Rb8 11. Qe2 Re8 12. dxe5 dxe5 13. Rd1 a5 14. b3 Nc5 15.
Rb1 Bg4 16. h3 Bxf3 17. Bxf3 Rbd8 18. Be3 Ne6 19. Qb2 Bb4 20. Ne2 c5 21. Kh2
Nd4 22. Bg2 Rd7 23. Bg5 Qb6 24. Nc3 Bxc3 25. Qxc3 h6 26. Be3 Red8 27. Rd2 Qc6
28. f3 Qc7 29. Rbd1 b6 30. Qb2 Qd6 31. Bxd4 exd4 32. Rd3 Qe7 33. Qf2 Qe8 34.
Re1 Re7 35. Re2 Nd7 36. f4 f6 37. Qf3 Qg6 38. Rd1 Rde8 39. Rde1 Qf7 40. Qd3 g5
41. e5 Kh8 42. exf6 Qxf6 43. fxg5 Qxg5 44. Rxe7 Rxe7 45. Rxe7 Qxe7 46. Qg6 Qf8
47. Qe6 Qg7 48. Qe8+ Nf8 49. Qb5 Qf7 50. Qxb6 d3 51. Qxc5 Ne6 52. Qe3 Qg6 53.
Be4 d2 54. Bxg6 d1=Q 55. Qe5+ 1-0

[Event "España ch 2008 sub 18"]
[Site "Padrón ESP"]
[Date "2008.07.27"]
[Round "2.44"]
[White "Sousa Barreiro, Bieito"]
[Black "Jimenez Lupianez, Laura"]
[Result "1-0"]
[WhiteElo "1587"]
[BlackElo "1901"]
[PlyCount "63"]
[EventDate "2008.07.27"]
[EventType "swiss"]
[EventRounds "9"]
[EventCountry "ESP"]
[Source "lmi"]
[SourceDate "2008.07.27"]

1. d4 d5 2. c4 c6 3. g3 Nf6 4. Bg2 a6 5. a4 Bf5 6. Qb3 Qc8 7. Nc3 e6 8. Bf4
Nbd7 9. Nf3 Nh5 10. Bd2 Bd6 11. Rc1 Nhf6 12. Nh4 Be4 13. f3 dxc4 14. Qxc4 Bg6
15. e4 Bc7 16. Nxg6 hxg6 17. Ne2 e5 18. d5 Nb6 19. Qc2 Bd8 20. a5 Nbd7 21. dxc6
Qxc6 22. Qxc6 bxc6 23. Rxc6 O-O 24. Bh3 Rb8 25. Bc3 g5 26. Rxa6 g4 27. Bg2 gxf3
28. Bxf3 Nxe4 29. Bxe4 Nc5 30. Ra8 Rxa8 31. Bxa8 e4 32. O-O 1-0

[Event "España ch 2008 sub 18"]
[Site "Padrón ESP"]
[Date "2008.07.27"]
[Round "2.46"]
[White "Crespo Ramos, Maria"]
[Black "Tirapo Larcuen, Ana"]
[Result "1-0"]
[WhiteElo "1560"]
[BlackElo "1880"]
[PlyCount "104"]
[EventDate "2008.07.27"]
[EventType "swiss"]
[EventRounds "9"]
[EventCountry "ESP"]
[Source "lmi"]
[SourceDate "2008.07.27"]

1. e4 c5 2. Nf3 e6 3. d4 cxd4 4. Nxd4 Nf6 5. Nc3 d6 6. Be3 Be7 7. Be2 O-O 8. g4
Qa5 9. Qd2 Nc6 10. g5 Nd7 11. Nb3 Qd8 12. f4 a6 13. O-O-O b5 14. a3 Nb6 15. Nd4
Qc7 16. f5 Rd8 17. f6 Bf8 18. Nxc6 Qxc6 19. Bd4 Nc4 20. Bxc4 bxc4 21. fxg7 Be7
22. Bf6 Bxf6 23. gxf6 Rb8 24. Rde1 Qb7 25. Nd1 d5 26. Re3 d4 27. Qa5 Bd7 28.
Rh3 Qxe4 29. Qh5 Rb5 30. Qh6 Qf5 31. Rf1 Qg5+ 32. Rf4 Qxh6 33. Rxh6 e5 34. Rfh4
Bf5 35. R6h5 Bg6 36. Rg5 Rd6 37. a4 Ra5 38. Kd2 Rxf6 39. Rxd4 exd4 40. Rxa5 Rd6
41. Rc5 d3 42. c3 Re6 43. Ne3 Rf6 44. Rxc4 Rf2+ 45. Kc1 d2+ 46. Kd1 Bh5+ 47.
Ng4 f5 48. h3 fxg4 49. hxg4 Bf7 50. Rb4 Bd5 51. Kc2 Bf3 52. Rd4 d1=Q# 1-0

[Event "España ch 2008 sub 18"]
[Site "Padrón ESP"]
[Date "2008.07.28"]
[Round "3.1"]
[White "Salgado Lopez, Ivan"]
[Black "Camacho Collados, Marcos"]
[Result "1-0"]
[WhiteElo "2532"]
[BlackElo "2230"]
[PlyCount "111"]
[EventDate "2008.07.27"]
[EventType "swiss"]
[EventRounds "9"]
[EventCountry "ESP"]
[Source "lmi"]
[SourceDate "2008.07.27"]

1. d4 Nf6 2. c4 g6 3. Nf3 Bg7 4. g3 O-O 5. Bg2 d6 6. O-O c6 7. Nc3 Qb6 8. Re1
Re8 9. e4 Nbd7 10. Rb1 a5 11. h3 e5 12. dxe5 dxe5 13. Be3 Qc7 14. c5 Bf8 15.
Na4 Nxe4 16. Rc1 Nef6 17. Nh4 Nd5 18. Bxd5 cxd5 19. Qxd5 Nf6 20. Qf3 Qc6 21.
Nb6 Rb8 22. g4 Bg7 23. Qxc6 bxc6 24. Bd2 Nd5 25. Bxa5 Nf4 26. Re3 Bh6 27. Rce1
Be6 28. Ra3 Rbd8 29. Na4 Rd3 30. Rxd3 Nxd3 31. Rd1 Nf4 32. Kh2 Bxa2 33. Nc3 Bb3
34. Rd6 Nd5 35. Ne4 Bf4+ 36. Kg1 Ra8 37. Bd8 Bc2 38. Nf6+ Kg7 39. Nxd5 Ra1+ 40.
Kg2 Be4+ 41. f3 Bxd5 42. Bf6+ Kh6 43. Nf5+ gxf5 44. Bxe5+ Be6 45. Bxf4+ Kg6 46.
Rxc6 fxg4 47. hxg4 Ra4 48. Kg3 h5 49. gxh5+ Kxh5 50. Rb6 Rc4 51. c6 Kg6 52. b4
Kf5 53. Bd6 Bd5 54. Bc5 Be6 55. c7 Rc2 56. Rxe6 1-0

[Event "España ch 2008 sub 18"]
[Site "Padrón ESP"]
[Date "2008.07.28"]
[Round "3.2"]
[White "Fernandez Borrego, Pablo"]
[Black "Cabrera Trujillo, Jorge"]
[Result "0-1"]
[WhiteElo "2229"]
[BlackElo "2423"]
[PlyCount "136"]
[EventDate "2008.07.27"]
[EventType "swiss"]
[EventRounds "9"]
[EventCountry "ESP"]
[Source "lmi"]
[SourceDate "2008.07.27"]

1. e3 g6 2. g3 Bg7 3. Bg2 d5 4. f4 Nf6 5. Nf3 O-O 6. O-O Nc6 7. Nc3 a6 8. Ne5
Qd6 9. d4 e6 10. b3 b5 11. g4 b4 12. g5 bxc3 13. gxf6 Bxf6 14. Qe1 Bb7 15. Qxc3
a5 16. a4 Nb4 17. Ba3 Rfc8 18. Qd2 c5 19. c3 Na6 20. Nd3 Qb6 21. Bxc5 Nxc5 22.
Nxc5 Ba6 23. Rfc1 Rxc5 24. dxc5 Qxb3 25. Qa2 Qxa2 26. Rxa2 Bc4 27. Rb2 Rc8 28.
Kf2 Bh4+ 29. Kf3 Rxc5 30. Bf1 Bxf1 31. Rxf1 Rxc3 32. Rb5 d4 33. Kg4 Be7 34. Re1
Bb4 35. Rb8+ Kg7 36. Rd8 Ra3 37. Re2 d3 38. Rb2 d2 39. Kf3 Rxa4 40. Rb1 Ra2 41.
Ke2 Rc2 42. Rd1 Rc1 43. Ra8 Rc7 44. Ra6 Kf6 45. Rb6 Ke7 46. Ra6 Kd7 47. Rb6 Kc8
48. Rb5 h6 49. e4 Rc4 50. Kd3 Rc3+ 51. Ke2 Rc4 52. Kd3 Rc1 53. Ke2 Kc7 54. f5
exf5 55. exf5 g5 56. Re5 Kd6 57. Rb5 f6 58. Rb8 Ke5 59. Rb5+ Ke4 60. h3 h5 61.
h4 gxh4 62. Rb8 Kxf5 63. Rg8 Rxd1 64. Kxd1 h3 65. Rg3 h2 66. Rh3 Bd6 67. Rxh5+
Kg4 68. Rh6 Bf4 0-1

[Event "España ch 2008 sub 18"]
[Site "Padrón ESP"]
[Date "2008.07.28"]
[Round "3.3"]
[White "Vila Gazquez, Xavier"]
[Black "Garcia Blanco, Omar"]
[Result "1-0"]
[WhiteElo "2419"]
[BlackElo "2169"]
[PlyCount "75"]
[EventDate "2008.07.27"]
[EventType "swiss"]
[EventRounds "9"]
[EventCountry "ESP"]
[Source "lmi"]
[SourceDate "2008.07.27"]

1. d4 Nf6 2. Nf3 c5 3. d5 e6 4. Nc3 exd5 5. Nxd5 Nxd5 6. Qxd5 d6 7. Ng5 Qf6 8.
Ne4 Qe6 9. Nc3 Na6 10. e4 Nc7 11. Bb5+ Kd8 12. Qd3 Nxb5 13. Qxb5 Kc7 14. Bf4 b6
15. O-O-O a6 16. Qd3 Bb7 17. Rhe1 f6 18. h4 Bc6 19. Nd5+ Kb7 20. Qb3 b5 21. Qg3
a5 22. Kb1 Ra6 23. Qd3 Be8 24. f3 h6 25. Nc3 g5 26. Bg3 Bf7 27. Qxb5+ Rb6 28.
Qd3 gxh4 29. Bxh4 Bg7 30. Qd5+ Ka7 31. Qxe6 Bxe6 32. Nd5 Rb7 33. Nf4 Bc4 34.
Rxd6 Rhb8 35. b3 a4 36. Kc1 axb3 37. axb3 Ba6 38. Ne6 1-0

[Event "España ch 2008 sub 18"]
[Site "Padrón ESP"]
[Date "2008.07.28"]
[Round "3.4"]
[White "Jimenez Capilla, Jose Alfonso"]
[Black "Recuero Guerra, David"]
[Result "0-1"]
[WhiteElo "2033"]
[BlackElo "2417"]
[PlyCount "82"]
[EventDate "2008.07.27"]
[EventType "swiss"]
[EventRounds "9"]
[EventCountry "ESP"]
[Source "lmi"]
[SourceDate "2008.07.27"]

1. d4 g6 2. c4 Bg7 3. Nc3 d6 4. e4 e5 5. d5 Nd7 6. Be3 Bh6 7. Bxh6 Nxh6 8. Qd2
Ng8 9. Bd3 Kf8 10. Nge2 Kg7 11. O-O Ngf6 12. b4 c5 13. dxc6 bxc6 14. Bc2 Nb6
15. Bb3 Be6 16. Qd3 Qe7 17. f4 Rhd8 18. f5 Bc8 19. Qf3 Bb7 20. g4 g5 21. h4 h6
22. hxg5 hxg5 23. Qe3 Rg8 24. Ng3 Kf8 25. Qe2 Rh8 26. Nh5 Nxh5 27. gxh5 f6 28.
Rad1 Kg7 29. Rd3 Rad8 30. a4 a5 31. bxa5 Nd7 32. Rg3 Nc5 33. Bc2 Qf7 34. Bd1
Ba6 35. Qe3 Bxc4 36. Rf2 Kh6 37. Rb2 Qc7 38. a6 Bxa6 39. Be2 Bxe2 40. Qxe2 Rb8
41. Rc2 Rb4 0-1

[Event "España ch 2008 sub 18"]
[Site "Padrón ESP"]
[Date "2008.07.28"]
[Round "3.5"]
[White "Alonso Rosell, Alvar"]
[Black "Pintor Munoz, Antonio"]
[Result "1/2-1/2"]
[WhiteElo "2393"]
[BlackElo "2076"]
[PlyCount "96"]
[EventDate "2008.07.27"]
[EventType "swiss"]
[EventRounds "9"]
[EventCountry "ESP"]
[Source "lmi"]
[SourceDate "2008.07.27"]

1. d4 e6 2. c4 Nf6 3. Nc3 Bb4 4. Qc2 O-O 5. a3 Bxc3+ 6. Qxc3 d6 7. Bg5 Nbd7 8.
e3 b6 9. Ne2 c5 10. Qd3 Ba6 11. b4 Rc8 12. b5 Bb7 13. Nc3 cxd4 14. exd4 h6 15.
Be3 d5 16. cxd5 Nxd5 17. Nxd5 Bxd5 18. Be2 Nf6 19. O-O Bc4 20. Qd1 Qd7 21. a4
Nd5 22. Qd2 Bxe2 23. Qxe2 Rc3 24. h3 Rfc8 25. Rfe1 R8c4 26. Qh5 Qc7 27. Qg4 Kh8
28. Qh4 Rc2 29. Qe4 Rb4 30. Qh4 Nxe3 31. Rxe3 Rxa4 32. Rf1 Qd6 33. Qe4 Rcc4 34.
Qa8+ Kh7 35. Qe4+ g6 36. Rf3 f5 37. Qb7+ Rc7 38. Qb8 Qd7 39. Re3 Rxd4 40. Rxe6
Qxe6 41. Qxc7+ Rd7 42. Qc8 Qe7 43. Rc1 h5 44. Qb8 Qg7 45. Qc8 Qe7 46. Qb8 Qg7
47. Qc8 Qe7 48. Qb8 Qg7 1/2-1/2

[Event "España ch 2008 sub 18"]
[Site "Padrón ESP"]
[Date "2008.07.28"]
[Round "3.6"]
[White "Valmana Canto, Jaime"]
[Black "Diaz Herrero, Alvaro"]
[Result "1-0"]
[WhiteElo "2376"]
[BlackElo "2034"]
[PlyCount "71"]
[EventDate "2008.07.27"]
[EventType "swiss"]
[EventRounds "9"]
[EventCountry "ESP"]
[Source "lmi"]
[SourceDate "2008.07.27"]

1. e4 c5 2. Nc3 Nc6 3. g3 g6 4. Bg2 Bg7 5. d3 d6 6. f4 e6 7. Nf3 Nge7 8. O-O
O-O 9. Be3 Nd4 10. e5 Nef5 11. Bf2 Nxf3+ 12. Qxf3 Nd4 13. Qd1 dxe5 14. fxe5
Bxe5 15. Ne4 f5 16. Nxc5 f4 17. c3 f3 18. cxd4 fxg2 19. Kxg2 Bxd4 20. Bxd4 Rxf1
21. Qxf1 Qxd4 22. Qf2 Qxf2+ 23. Kxf2 b6 24. Ne4 Bb7 25. Rc1 Bxe4 26. dxe4 Rd8
27. Ke3 Rd7 28. Kf4 Kf7 29. Ke5 Ke7 30. Rc2 Rd6 31. Rc7+ Rd7 32. Rxd7+ Kxd7 33.
Kf6 Kd6 34. e5+ Kd5 35. b3 g5 36. g4 1-0

[Event "España ch 2008 sub 18"]
[Site "Padrón ESP"]
[Date "2008.07.28"]
[Round "3.7"]
[White "Ribas Gomez, Diego"]
[Black "Moreno Gracia, Daniel"]
[Result "0-1"]
[WhiteElo "1996"]
[BlackElo "2292"]
[PlyCount "86"]
[EventDate "2008.07.27"]
[EventType "swiss"]
[EventRounds "9"]
[EventCountry "ESP"]
[Source "lmi"]
[SourceDate "2008.07.27"]

1. f4 c5 2. Nf3 g6 3. g3 Bg7 4. Bg2 Nf6 5. d3 Nc6 6. O-O O-O 7. e4 d6 8. c3 Rb8
9. Na3 b5 10. Nc2 b4 11. Nh4 Qb6 12. Ne3 Ba6 13. Re1 e6 14. Qc2 Nd7 15. Nc4
Bxc4 16. dxc4 bxc3 17. bxc3 Na5 18. Qd3 Qa6 19. Bf1 Nb6 20. Be3 Naxc4 21. Qxd6
Nxd6 22. Bxa6 Bxc3 23. Bxc5 Rfd8 24. Bxd6 Rxd6 25. Rad1 Nd5 26. Re2 Rxa6 27.
exd5 Rd8 28. Rd3 Bb4 29. Rb2 Bc5+ 30. Kg2 Rxd5 31. Rxd5 exd5 32. Rd2 d4 33. Nf3
Ra4 34. Ne5 Kg7 35. Kf3 f5 36. Ke2 Bb6 37. Nd7 Ba5 38. Rc2 Kf7 39. Nc5 Ra3 40.
Nb3 Bb6 41. Kd3 Ke6 42. Kc4 d3 43. Rd2 Ba5 0-1

[Event "España ch 2008 sub 18"]
[Site "Padrón ESP"]
[Date "2008.07.28"]
[Round "3.8"]
[White "Hernandez Leon, Alberto"]
[Black "Gil Quilez, David"]
[Result "1/2-1/2"]
[WhiteElo "2236"]
[BlackElo "2031"]
[PlyCount "48"]
[EventDate "2008.07.27"]
[EventType "swiss"]
[EventRounds "9"]
[EventCountry "ESP"]
[Source "lmi"]
[SourceDate "2008.07.27"]

1. e4 e5 2. Nf3 Nc6 3. Bb5 a6 4. Ba4 Nf6 5. O-O b5 6. Bb3 Be7 7. Re1 d6 8. c3
O-O 9. d4 Bb7 10. Nbd2 Nd7 11. Nf1 Na5 12. Bc2 Bf6 13. Ne3 c5 14. Nf5 Qc7 15.
d5 Rfe8 16. b3 Bc8 17. Ng5 h6 18. Nh3 Nf8 19. Qf3 Qd8 20. g4 Nh7 21. Be3 Nb7
22. a4 Bd7 23. Qg3 Ng5 24. Nxg5 hxg5 1/2-1/2

[Event "España ch 2008 sub 18"]
[Site "Padrón ESP"]
[Date "2008.07.28"]
[Round "3.9"]
[White "Rubio Mejia, Luis Ignacio"]
[Black "Rodrigo Yanguas, Maria"]
[Result "1-0"]
[WhiteElo "2386"]
[BlackElo "1999"]
[PlyCount "65"]
[EventDate "2008.07.27"]
[EventType "swiss"]
[EventRounds "9"]
[EventCountry "ESP"]
[Source "lmi"]
[SourceDate "2008.07.27"]

1. d4 Nf6 2. c4 c5 3. d5 b5 4. Nd2 bxc4 5. e4 d6 6. Bxc4 g6 7. Ne2 Bg7 8. O-O
O-O 9. Nc3 Nbd7 10. h3 Nb6 11. Be2 Bd7 12. a4 Rb8 13. Qc2 e6 14. a5 Nc8 15. Nc4
exd5 16. exd5 Bf5 17. Bd3 Bxd3 18. Qxd3 Nd7 19. f4 Re8 20. Kh1 Nf6 21. f5 Nd7
22. Bf4 Ne5 23. Bxe5 Bxe5 24. Rae1 Bg7 25. Ne4 Bd4 26. b3 Qh4 27. Nf6+ Bxf6 28.
Rxe8+ Kg7 29. fxg6 hxg6 30. Qf3 Ra8 31. Qg4 Qxg4 32. hxg4 Nb6 33. Nxd6 1-0